01600nam a2200373 i 4500001000300000245015300003260004800156300005800204504003400262521019100296650003200487655003000519700003400549700003500583700002600618700002400644020001800668020001800686040000800704041000800712044000800720080001700728920002900745920003000774942000700804008004100811999001700852856009800869952006300967952004901030952004901079952004901128952004901177bg00aBiologia komórki roślinnej.nT. 2,pFunkcja /cred. nauk. Przemysław Wojtaszek, Adam Woźny, Lech Ratajczak ; aut. Zygmunt Hejnowicz [et al.]. aWarszawa :bWydawnictwo Naukowe PWN,c2007. aVII, [1], 671, [1] s. :bil. (w tym kolor.) ;c24 cm. aBibliogr. przy rozdz. Indeks. aDla studentów biologii, biotechnologii, bioinformatyki, różnych działów nauk rolniczych (technologii żywności, rolnictwa, ogrodnictwa, leśnictwa), medycznych i pokrewnych. 9aKomórka (biol.)xbotanika aPodręczniki akademickie1 aWojtaszek, Przemysław.eRed.1 aWoźny, Adamd(1945- ).eRed.1 aRatajczak, LecheRed.1 aHejnowicz, Zygmunt. a9788301148690 a9788301148393 cBPK0 apol aPOL a581.1(075.8) a978-83-01-14869-0 (t. 2) a978-83-01-14839-3 (t.1-2) cKS s pl f |000 0 pol  c54484d54484 uhttp://koha.tu.koszalin.pl/cgi-bin/koha/opac-detail.pl?biblionumber=54484yKatalog online BPK 00104071aBPKbBPKcco85911p02405575t575/576 G.BkyKS 00104070aBPKbBPKcwo85912p02405568yKS 00104070aBPKbBPKcwo85913p02405551yKS 00104070aBPKbBPKcwo85914p02405544yKS 00104070aBPKbBPKcwo85915p02405537yKS